000
00328nam a2200145Ia 4500
008
150201s1997 xx 000 0 und d
082
_a
617.6
_b
R1997H
100
_a
HINE
245
_a
REVIEW OF DENTISTRY
250
_a
7TH
260
_b
MOSBY
_a
DELHI
_c
1997
300
_a
1-761
650
_a
GENERAL DENTISTRY
942
_2
ddc
_c
BK
999
_c
3273
_d
3273